| 000 | 00669nam a2200193Ii 4500 | ||
|---|---|---|---|
| 003 | JO-AjNU | ||
| 008 | 230605s9999||||xx |||||||||||||| ||und|| | ||
| 040 |
_aJO-AjNU _bara _erda _cJO-AjNU |
||
| 041 | _aara | ||
| 050 | 1 | 4 | _aDS80.95.I84 1997 |
| 100 | 3 |
_aتاليف بشير، إسكندر, _eauthor _940217 |
|
| 245 | 0 | 0 | _aالتحديث السياسي: أكاديمية وطنية لشؤون الحكم والإدارة في لبنان |
| 264 | 3 | 1 | _aدار الفجر، 1997 |
| 300 | _a105ص | ||
| 336 |
_atext _btxt _2rdacontent |
||
| 337 |
_aunmediated _bn _2rdamedia |
||
| 338 |
_avolume _bnc _2rdacarrier |
||
| 650 | 4 |
_aلبنان- احوال سياسية _940218 |
|
| 999 |
_aA17048 _c20616 _d20616 |
||